00820 2200265 4500001002100000005001700021008004100038020002200079035002400101040001200125041001300137082001400150084001200164090001400176245012300190260003100313300003800344500005100382650003700433710002200470710001400492850001200506990001800518990001800536INLIS00000000003068720170906113927.0  a978-602-17759-7-4 0010-091700000000055 aYOPDYOG0 aenggind042[23]a423 a423 Kam aR 423 Kam1 aKAMUS super lengkap bahasa Inggrisb: Inggris - Indonesia, Indonesia - Inggrisc/ Staf Bahasa Infra; editor, Tim Genio a[s.l]bInfra Pustakac2013 aviii, 434 hlm.b: ilus.c; 21 cm. aTeks dalam bahasa Indonesia dan bahasa Inggris 4aBahasa InggrisxKamuszIndonesia aStaf Bahasa Infra aTim Genio aYOPDYOG a56397-PD/A.17 a56398-PD/A.17